| 000 | 02663nab a2200289 a 4500 | ||
|---|---|---|---|
| 005 | 20250228121001.0 | ||
| 008 | 991125c2015 sp ar p o 000 0 spa d | ||
| 035 | _aUPN01000212743 | ||
| 040 |
_aUPN _bspa _cUPN _eaacr2 |
||
| 049 | _aART-E | ||
| 100 | 1 |
_aMonge López, Carlos _6- carlos.monge@uah.es |
|
| 100 | 1 | _aMontalvo Saborido, David | |
| 100 | 1 | _aGómez Hernández, Patricia | |
| 245 | 1 | 4 | _aLos conocimientos sobre rasgos de personalidad del profesorado como facilitadores de la innovación educativa: estado del arte |
| 506 | 0 | _aAcceso abierto | |
| 520 | 3 | _aLa innovación educativa es un conjunto de procesos que tienen como objetivo principal la mejora de los procesos de enseñanza - aprendizaje. Así, los centros educativos procuran dirigir acciones de cambio orientadas a la mejora y la calidad. Sin embargo, generalmente esto no resulta una tarea sencilla, sino que existen diversas barreras que dificultan la innovación educativa, aunque también hay facilitadores de la misma. Por ende, haciendo referencia a estos últimos, la clave puede estar en determinar cuáles son y cómo manejarlos. Concretamente, son diversos los autores que apuestan por una serie de elementos encaminados a mejorar los procesos innovadores dentro de los centros educativos. Sin embargo, uno de esos elementos y que la literatura científica no aborda de manera sistemática y relevante es cómo los rasgos de personalidad influyen en las prácticas docentes y organizativas innovadoras. Por ello, lo que aquí se pretende es mostrar el estado del arte sobre cómo los conocimientos acerca de los rasgos de personalidad pueden actuar como facilitadores de la innovación educativa. De esta manera, si un miembro de la comunidad educativa (ya sea docente, asesor, etc.) conoce cómo son sus compañeros y él mismo, en cuanto a características personales se refiere, probablemente se favorezca la gestión de ciertos procesos de cambio dirigidos a la mejora educativa. Concretamente, dentro de esas características individuales más estudiadas se encuentran los rasgos de personalidad, aunque también se incluyen aspectos como el autoconcepto, los procesos atributivos, la estima, etc. | |
| 650 | 4 |
_aInnovaciones educativas _9386 |
|
| 653 | 0 | _aRasgos de la personalidad | |
| 653 | 0 | _aEstado del arte | |
| 653 | 0 | _aAgentes de cambio | |
| 653 | 0 | _aResistencia al cambio | |
| 773 |
_gNo. 16 (2015), p. 173-198 _tFuentes : revista de la Facultad de Ciencias de la Educación _x2172-7775 |
||
| 856 | 4 | _uhttps://revistascientificas.us.es/index.php/fuentes/article/view/2368 | |
| 902 | _aGloria Jiménez/280225 | ||
| 905 | _aArticulo | ||
| 942 | _cART-E | ||
| 999 |
_c184843 _d184843 |
||